| 000 | 02046nam0a2200373 i 4500 | ||
|---|---|---|---|
| 001 | RU\NLR\BIBL_A\010457744 | ||
| 005 | 20260407105601.0 | ||
| 010 |
_a9785829903031 _980 |
||
| 021 |
_aRU _b14-47099 |
||
| 035 | _a(NILC)RuMoRGB-007510928 | ||
| 035 | _a(NLR Aleph) 010457744 | ||
| 090 |
_a9959184 _c9959184 |
||
| 100 | _a20140903d2014 k y0rusy50 ca | ||
| 101 | 0 | _arus | |
| 102 | _aRU | ||
| 105 | _ay|||z|||100yy | ||
| 200 | 1 |
_aДетская книга: радости и горести школьной поры _eматериалы VI Всероссийской научно-практической конференции, 16 мая 2013 года _f[редкол.: А. Н. Садриева, к.культурол. (отв. ред.) и др.] |
|
| 210 |
_aНижний Тагил _cИздательский центр НТГСПА _d2014 |
||
| 215 |
_a204 с. _d20 |
||
| 300 | _aВ надзаг.: М-во образования и науки Рос. Федерации, Федер. гос. бюджет. образоват. учреждение высш. проф. образования "Нижнетагильская гос. социально-пед. акад." | ||
| 320 | _aБиблиогр. в примеч. в конце ст. | ||
| 606 |
_aДетская литература _jСъезды, совещания и т.п. _9888210 _3RU\NLR\AUTH\66461 |
||
| 606 |
_aДетская книга _jСъезды, совещания и т.п _9951887 _3RU\NLR\AUTH\66354048 |
||
| 686 | 3 | _aШ9(0)я431 | |
| 686 | 1 | _aЧ611я431 | |
| 702 | 1 |
_aСадриева _bА. Н. _gАнастасия Николаевна _4340 |
|
| 712 | 0 | 2 |
_4570 _aНижнетагильская государственная социально-педагогическая академия _9624107 _3RU\NLR\AUTH\8810061316 |
| 801 | 0 |
_aRU _bРГБ _c20140625 _gRCR |
|
| 942 | _cBOOK | ||
| 980 | _aNBR | ||